| 000 | 00780nam a2200217Ia 4500 | ||
|---|---|---|---|
| 001 | 16944 | ||
| 003 | GE_BSU | ||
| 008 | 181216s||||||||xx |||||||||||||| ||und|| | ||
| 040 | _cGE_BSU | ||
| 080 | _a821.161.1-31 | ||
| 100 | _aბელიაევი, ს. | ||
| 245 | _aსემიუელ პინგლის თავგადასავალი | ||
| 245 | _bრომანი | ||
| 245 | _cთარგმნა ნუნუ გიორგობიანმა. რედ.ნ.ქართველიშვილი | ||
| 260 | _aთბილისი | ||
| 260 | _bნაკადული | ||
| 260 | _c1987 | ||
| 300 | _a306გვ. ; 21სმ. | ||
| 653 | _aსემიუელ პინგლის თავგადასავალი | ||
| 942 | _cBK | ||
| 999 |
_c50007 _d50007 |
||